000
00255nam a22001217a 4500
003
SGT
082
_a
823
_b
BLY
100
_a
BLYTON ENID
245
_a
FIVE GO TO MYSTERY MOOR
260
_a
LONDON
_b
HOLDER PUB
_c
1997
300
_a
196
942
_2
ddc
_c
BK
999
_c
33951
_d
33951